000 00335nam a2200133Ia 4500
008 100328s9999 xx 000 0 und d
082 _b1786
100 _aRalph Waldo Irine
245 _aIn Tune With Infinlfe
260 _bG.Bell & Sons Ltd.
630 _aIn Tune With Infinlfe
730 _aIn Tune With Infinlfe
942 _cBOOK
999 _c498034
_d498031